000 01112cab a2200349 4500
001 WB3003-03
008 090401t1994 xxu||||| |||| 00| 0 eng d
035 _a(Sirsi) u53190
041 _aeng
245 _aFacilities management
260 _c1994
350 _a0
490 _aTimes
_v19 January 1994, 30-31(3)
520 _aIncludes items on the privatisation of the PSA`s estates management arm, office running costs illustrated by the "Times/Procord office costs index" and catering.
650 _aAMEC
650 _aASSOCIATION OF FACILITIES MANAGERS
650 _aBRITISH INSTITUTE OF FACILITIES MANAGEMENT
650 _aBUILDING AND PROPERTY FACILITIES MANAGEMENT
650 _aFACILITIES MANAGEMENT
_96240
650 _aINSTITUTE OF FACILITIES MANAGEMENT
650 _aMOD
650 _aOCCUPANCY COSTS
650 _aPELL FRISCHMANN
650 _aProperty management
_96262
650 _aPSA
650 _aRUNNING COSTS
650 _aSERCO
650 _aTIMES / PROCORD OFFICE COSTS INDEX
690 _aCOMMERCIAL PROPERTY-MANAGEMENT
942 _n0
948 _c04/03/1997
999 _c32806
_d32806